Etude de la variabilité culturale et pathologique du champignon Pyricularia grisea à Abomey-Calavi (Record no. 49128)

MARC details
000 -LEADER
fixed length control field 00872nam a22002777a 4500
003 - CONTROL NUMBER IDENTIFIER
control field 0
005 - DATE AND TIME OF LATEST TRANSACTION
control field 20160609170527.0
008 - FIXED-LENGTH DATA ELEMENTS--GENERAL INFORMATION
fixed length control field 110225t xxu||||| |||| 00| 0 eng d
037 ## - SOURCE OF ACQUISITION
Stock number M16918
Source of stock number/acquisition BIBLIO
040 ## - SOURCE DU CATALOGAGE
Original cataloging agency BUAC
Language of cataloging Fr.
Transcribing agency EPAC
082 ## - DEWEY DECIMAL CLASSIFICATION NUMBER
Classification number 26.APE.HOD
100 ## - VEDETTE PRINCIPALE - NOM DE PERSONNE
Personal name Gisèle, Yémanlin, HODE
9 (RLIN) 14977
245 ## - TITLE STATEMENT
Title Etude de la variabilité culturale et pathologique du champignon Pyricularia grisea à Abomey-Calavi
250 ## - EDITION STATEMENT
Edition statement EPAC(APE)
260 ## - PUBLICATION, DISTRIBUTION, ETC. (IMPRINT)
Place of publication, distribution, etc BUAC
Name of publisher, distributor, etc EPAC
Date of publication, distribution, etc 2007
300 ## - PHYSICAL DESCRIPTION
Extent 48 p
Other physical details Couv. et ill. en coul.
Dimensions 30cm
500 ## - GENERAL NOTE
General note Mém (M ); Bot. ; EPAC / UAC. : 2007
504 ## - BIBLIOGRAPHY, ETC. NOTE
Bibliography, etc Réf. bibliogr. p 41 - p 45 ; annexes : p 46- p 48
630 ## - SUBJECT ADDED ENTRY--UNIFORM TITLE
Uniform title PHISIOLOGIE
9 (RLIN) 14978
650 ## - SUBJECT ADDED ENTRY--TOPICAL TERM
Topical term or geographic name as entry element CHAMPIGNON
9 (RLIN) 14979
650 ## - SUBJECT ADDED ENTRY--TOPICAL TERM
Topical term or geographic name as entry element :CULTURE
9 (RLIN) 14980
650 ## - SUBJECT ADDED ENTRY--TOPICAL TERM
Topical term or geographic name as entry element :PATHOLOGIE
9 (RLIN) 14981
700 ## - ADDED ENTRY--PERSONAL NAME
Personal name SEKE, Yacouba
9 (RLIN) 14982
710 ## - ADDED ENTRY--CORPORATE NAME
Corporate name or jurisdiction name as entry element AGBAKA, Alphonse
9 (RLIN) 14983
942 ## - ADDED ENTRY ELEMENTS (KOHA)
Koha item type Thèse et Memoire
Holdings
Withdrawn status Lost status Damaged status Not for loan Location (home branch) Sublocation or collection (holding branch) Date acquired Source of acquisition Koha issues (times borrowed) Koha full call number Piece designation (barcode) Koha date last seen Copy number Price effective from Koha item type Public note
        Bibliothèque American Corner de l'UAC Bibliothèque American Corner de l'UAC 25/02/2011 EPAC   26.APE/HOD M16920EPAC 25/02/2011 3 25/02/2011 Thèse et Memoire Prêt à domicile
        Bibliothèque Ecole Polytechnique d'Abomey-Calavi Bibliothèque Ecole Polytechnique d'Abomey-Calavi 25/02/2011 EPAC   26.APE/HOD M16918EPAC 25/02/2011 1 25/02/2011 Thèse et Memoire Prêt à domicile
        Bibliothèque Ecole Polytechnique d'Abomey-Calavi Bibliothèque Ecole Polytechnique d'Abomey-Calavi 25/02/2011 EPAC   26.APE/HOD 16919EPAC 25/02/2011 2 25/02/2011 Thèse et Memoire Prêt à domicile


© 2008, Bibliothèques de l'Université d'Abomey-Calavi

04 BP 789 Cotonou, Tél. : +229 21 36 01 01, Fax : +229 21 35 06 32

Courriel : bu@bu.uac.bj